1709 1120 1410 1350 1580 1663 1511 1506 1319 1191 1678 1361 1134 1897 1787 1989 1757 1526 1684 1869 1290 1260 1805 1365 1850 1555 1812 1626 1662 1302 1777 1944 1401 1700 1345 1348 1098 1436 1375 1026 1357 1753 1498 1115 1901 1608 1708 1210 1020 1193 1477 1001 1150 1478 1238 1751 1087 1765 1882 1746 1296 1459 1905 1113 1579 1291 1848 1631 1731 1523 1615 1565 1778 1287 1208 1441 1386 1510 1570 1215 1930 1204 1800 1776 1945 1500 1573 1260 1394 1009 1580 1108 1351 1256 1241 1068 1979 1949 1107 BCNSPRNW ULIB Ver.6.0+V

เปลี่ยนเป็นภาษาไทย

Change to English
 แสดงรายละเอียดบรรณานุกรม
  กลับหน้าหลัก

Brief Record : Get Marc (ISO 2709) : E-mail record : QR code < ปิดหน้าต่าง
LEADER : 00000nam 2200000uu 4500
001    13399123678
003     ULIB
008    141105s2555||||th 000 0 tha d
020    ^a9786163210746
060  4 ^aWM190^bธ587ท
100    ^aธิติพันธ์ ธานีรัตน์
245    ^aทฤษฎีพื้นฐานเกี่ยวกับบุคลิกภาพผิดปกติในทางจิตเวช /^cธิติพันธ์ ธานีรัตน์
250    ^aพิมพ์ครั้งที่ 2
260    ^aกรุงเทพฯ:^bพุ่มทอง ,^c2555
300    ^a173 หน้า
650    ^a บุคลิกภาพผิดปกติในทางจิตเวช
945    ^p400^l0^i036710
945    ^p400^l0^i036711
945    ^p400^l0^i036712
945    ^p400^l0^i038610
999    ^aเกษร โพธิ์สุวรรณ
รายการนี้ยังไม่มีแท็ก
คุณยังไม่ได้ล็อกอิน คุณสามารถมีกิจกรรมร่วมกับเว็บไซต์ได้ แต่ต้องล็อกอินก่อน ::
  ล็อกอิน

รายการสื่อสารสนเทศ

ลำดับที่ ประเภท เลขเรียก/บาร์โค้ด สถานที่ สถานะ
1. วิทยาศาสตร์การแพทย์ และสุขภาพ
หนังสือสำรอง
สถานะ=หนังสือสำรอง
WM190 ธ587ท ฉ.1 
  Barcode: 036710
ห้องสมุดวิทยาเขตสวรรค์ประชารักษ์
►ส่วนจัดเก็บหนังสือเก่า สปร
บนชั้น
  ขอยืม
2. วิทยาศาสตร์การแพทย์ และสุขภาพ
วิทยาศาสตร์การแพทย์ และสุขภาพ
WM190 ธ587ท ฉ.2 
  Barcode: 036711
ห้องสมุดวิทยาเขตสวรรค์ประชารักษ์
►ส่วนจัดเก็บหนังสือเก่า สปร
บนชั้น
  ขอยืม
3. วิทยาศาสตร์การแพทย์ และสุขภาพ
วิทยาศาสตร์การแพทย์ และสุขภาพ
WM190 ธ587ท ฉ.3 
  Barcode: 036712
ห้องสมุดวิทยาเขตสวรรค์ประชารักษ์
►ส่วนจัดเก็บหนังสือเก่า สปร
บนชั้น
  ขอยืม
4. วิทยาศาสตร์การแพทย์ และสุขภาพ
วิทยาศาสตร์การแพทย์ และสุขภาพ
WM190 ธ587ท ฉ.4 
  Barcode: 038610
ห้องสมุดวิทยาเขตสวรรค์ประชารักษ์
►ส่วนจัดเก็บหนังสือเก่า สปร
บนชั้น
  ขอยืม

รายการใกล้เคียง
    ผู้แต่ง [ธิติพันธ์ ธานีรัตน์]

    หัวเรื่อง [บุคลิกภาพผิดปกติในทางจิตเวช]

BibComment


ยังไม่เคยถูกคอมเมนท์

คอมเมนท์ทรัพยากรรายการนี้
  คอมเมนท์: ทฤษฎีพื้นฐานเกี่..


 Copyright 2026. Bcnsprnw @Library